Central Library || Chittagong University

Reactive intermediates in organic chemistry./ (Record no. 111564)

MARC details
000 -LEADER
fixed length control field 00469nam a22001697a 4500
003 - CONTROL NUMBER IDENTIFIER
control field BD-ChCU
005 - DATE AND TIME OF LATEST TRANSACTION
control field 20260215085545.0
008 - FIXED-LENGTH DATA ELEMENTS--GENERAL INFORMATION
fixed length control field 260215b bg ||||| |||| 00| 0 ben d
040 ## - CATALOGING SOURCE
Transcribing agency BD-ChCU
082 ## - DEWEY DECIMAL CLASSIFICATION NUMBER
Classification number 547 TAR
100 ## - MAIN ENTRY--PERSONAL NAME
Personal name Tandon , V.K.
9 (RLIN) 20249
245 ## - TITLE STATEMENT
Title Reactive intermediates in organic chemistry./
Statement of responsibility, etc. V.K. Tandon .
260 ## - PUBLICATION, DISTRIBUTION, ETC.
Place of publication, distribution, etc. New Delhi :
Name of publisher, distributor, etc. Oxford ,
Date of publication, distribution, etc. C 1980
300 ## - PHYSICAL DESCRIPTION
Extent viii , 139p.
650 #0 - SUBJECT ADDED ENTRY--TOPICAL TERM
Topical term or geographic name entry element Chemistry , Organic .
9 (RLIN) 20250
942 ## - ADDED ENTRY ELEMENTS (KOHA)
Source of classification or shelving scheme Dewey Decimal Classification
Koha item type Books
Suppress in OPAC No
Holdings
Withdrawn status Lost status Source of classification or shelving scheme Damaged status Not for loan Home library Current library Shelving location Date acquired Source of acquisition Total Checkouts Full call number Barcode Date last seen Copy number Price effective from Koha item type
    Dewey Decimal Classification     Chittagong University Library Chemistry Seminar Library Science Reading Room 02/15/2026 Purchase   547 TAR 111980 02/15/2026 C-3 02/15/2026 Books
    Dewey Decimal Classification     Chittagong University Library Chemistry Seminar Library Science Reading Room 02/15/2026 Purchase   547 TAR 111981 02/15/2026 C-4 02/15/2026 Books
    Dewey Decimal Classification     Chittagong University Library Chittagong University Library Science Reading Room 02/15/2026 Purchase   547 TAR 111978 02/15/2026 C-1 02/15/2026 Books
    Dewey Decimal Classification     Chittagong University Library Chittagong University Library Science Reading Room 02/15/2026 Purchase   547 TAR 111979 02/15/2026 C-2 02/15/2026 Books
© Copyright 2025. Chittagong University Library, Installation and Maintenance by Prof. Dr. Md. Alamgir, 01711306253